| 000 | 00491nam a22001577a 4500 | ||
|---|---|---|---|
| 008 | 230328b |||||||| |||| 00| 0 eng d | ||
| 020 | _a9780-387-30815-6 | ||
| 040 |
_aNational Science Library _cNational Science Library |
||
| 080 |
_aD 681.324 _bP6 |
||
| 245 |
_aEUNICE 2005: _bNetworks and application towards a ubiquitously connected world |
||
| 260 |
_aNew York: _bSpringer, _c2005 |
||
| 300 | _a300p. | ||
| 650 | _aNetwork | ||
| 700 | _aKloos, Carlos Delgado (Ed.) | ||
| 942 |
_2udc _cPR |
||
| 999 |
_c16116 _d16116 |
||